000 00585nas a2200217 4500
001 BR9705323
003 BR-BrBNA
005 20231205100626.0
007 ta
008 230509b bl.|||p| |||| 00| 00por d
040 _aBR-BrBNA
_bpor
_cBiblioteca Nacional de Agricultura
041 _a(Pt)
072 _aQ60
100 1 _aCerri, C.
245 1 _aCouro; Tesouro curtido
650 _aCouro
650 _aCurtume
773 0 _tGlobo Rural (Brazil)
_xISSN 0102-6178
_g(Nov 1997), v. 13(145) p. 78-84
_wBR9705323
909 _a202311
_bLúcia
_c55
_dLúcia Elande
942 _2AGRIS
_n0
_cANA
999 _c157082
_d157082